000 00869nam a2200289 i 4500
001 000047463
003 DO-SdBNP
005 20250808082435.0
007 ta
008 180606s2017 dr r 000 0 spa d
020 _a9789945609127
040 _aDO-SdBNP
_bspa
_cBNPHU
_erda
041 _aspa
082 4 _a863.44
_bM491a
_222
100 1 _aMedina, Oquendo,
_d1955-
_eautor
_4aut.
_914493
245 1 0 _aAunque me cueste la vida :
_bnovela /
_cOquendo Medina.
264 1 _aSanto Domingo :
_bEditorial Santuario,
_c2017.
300 _a183 páginas ;
_c24 cm.
336 _atexto
_btxt
_2rdacontent
337 _asin mediación
_bn
_2rdamedia
338 _avolumen
_bnc
_2rdacarrier
590 _aInventariado, 2018/DG
650 4 _aNovela dominicana
_9223
650 4 _aLiteratura dominicana.
_967
910 _aValidado. Control de calidad/MAA
942 _2ddc
_cLBS1
999 _c46951
_d46951